Ako si vycvičiť draka 1

Podrobná bibliografia
Hlavný autor: Cowell, Cressida, 1966- (Autor, Ilustrátor, Prekladateľ)
Ďalší autori: Kořínek, Otakar, 1946-2025 (Prekladateľ)
Médium: Kniha
Jazyk:slovenčina
angličtina
Fyzický popis:220 strán ilustrácie 20 cm
Vydavateľské údaje: Bratislava Slovart 2019
ISBN:9788055639932
Vydanie:[2. vydanie]
Predmet:

MARC

LEADER 00000cam a2200000 4500
001 vtls011859391
003 SK-MaSNL
005 20260302092218.0
008 210624s2019 xo a cr 010 jdslo
015 |a SNBA2019/06 
020 |a 9788055639932  |q (brožované) 
035 |a 0177AE56-D54D-40DC-A4CF-0EFBA095C33C 
035 |a urn:nbn:sk:snk-am3if0u 
035 |a urn:nbn:sk:snk-am00e7i5 
040 |a SNK  |b slo  |c SNK  |e rda 
041 1 |a slo  |k nor  |h eng 
044 |a xo  |c SK 
072 7 |a 821.111-3  |x Anglická próza, anglicky písaná  |2 konspekt 
072 7 |a 821-93  |x Literatúra pre deti a mládež (beletria)  |2 konspekt 
080 |a 821.111-31  |2 2011 
080 |a (0:82-321.3)  |2 2011 
080 |a 82-93-053.4/.5  |2 2011 
100 1 |a Cowell, Cressida,  |d 1966-  |4 aut  |4 ill  |4 trl  |9 181209 
240 1 0 |a How to train your dragon by Hiccup Horrendous Haddock III  |l Slovensky 
245 1 0 |a Ako si vycvičiť draka  |n 1  |c napísala a ilustrovala Cressida Cowellová ; zo starej nórčiny preložila Cressida Cowell, z anglického originálu How to train your dragon ... preložil Otakar Kořínek 
250 |a [2. vydanie] 
264 1 |a Bratislava  |b Slovart  |c 2019 
300 |a 220 strán  |b ilustrácie  |c 20 cm 
336 |a text  |b txt  |2 rdacontent 
337 |a bez média  |b n  |2 rdamedia 
338 |a zväzok  |b nc  |2 rdacarrier 
500 |a Poradie vydania podľa NA ISBN 
500 |a Obsahuje stručné biografické údaje o autorovi a prekladateľke 
521 8 |a Pre čitateľov od 8 rokov 
655 7 |a anglické romány  |2 SNKPH  |9 70428 
655 7 |a literatúra pre deti  |2 SNKPH  |9 87135 
655 7 |a English fiction  |2 SNKPHeng  |9 109944 
655 7 |a Adventure stories  |2 SNKPHeng  |9 312592 
655 7 |a dobrodružné príbehy  |2 SNKPH  |9 70626 
655 7 |a Children's literature  |2 SNKPHeng  |9 276039 
700 1 |a Kořínek, Otakar,  |d 1946-2025  |4 trl  |9 21456 
919 |a 978-80-556-3993-2 
958 |a UP 
958 |a LX 
958 |a DB 
968 |a SLO  |b NOR  |c ENG 
999 |c 1203757  |d 1205687 
952 |a SNK  |b SNK  |y PREZ  |7 0  |p 17A1365169  |o snkSD 88264/1  |i snk2019/15446  |8 0  |0 0  |1 0  |4 0  |d 2019-06-05  |f 1  |l 0  |r 2026-02-24 22:49:48  |w 2026-02-24 
952 |a SNK  |b SNK  |y PREZ  |7 0  |p 17A1365170  |o snkSD 88264/1 D1  |i snk2019/15447  |8 0  |0 0  |1 0  |4 0  |d 2019-06-05  |l 0  |r 2026-02-24 22:49:48  |w 2026-02-24